Cultural theory and popular culture : a reader (Record no. 8713)

MARC details
000 -LEADER
fixed length control field 00539nam a22001697a 4500
008 - FIXED-LENGTH DATA ELEMENTS--GENERAL INFORMATION
fixed length control field 210503b ||||| |||| 00| 0 eng d
020 ## - INTERNATIONAL STANDARD BOOK NUMBER
International Standard Book Number 9780815393542
082 ## - DEWEY DECIMAL CLASSIFICATION NUMBER
Classification number 306.01 STO
245 ## - TITLE STATEMENT
Title Cultural theory and popular culture : a reader
250 ## - EDITION STATEMENT
Edition statement 5th ed.
260 ## - PUBLICATION, DISTRIBUTION, ETC.
Place of publication, distribution, etc. London ; New York :
Name of publisher, distributor, etc. Routledge,
Date of publication, distribution, etc. 2019.
300 ## - PHYSICAL DESCRIPTION
Extent xix, 661 p.
Dimensions 25 cm.
500 ## - GENERAL NOTE
General note Includes bibliographical references and index.<br/>
650 ## - SUBJECT ADDED ENTRY--TOPICAL TERM
Topical term or geographic name entry element Popular culture. Popular culture--Philosophy. Culture--History.
700 ## - ADDED ENTRY--PERSONAL NAME
Personal name Storey, John
942 ## - Added entry Elements (Koha)
Source of classification or shelving scheme Dewey Decimal Classification
Holdings
Withdrawn status Lost status Source of classification or shelving scheme Damaged status Not for loan Collection code Home library Current library Shelving location Date acquired Serial Enumeration / chronology Total Checkouts Total Renewals Full call number Barcode Date last seen Date last checked out Price effective from Koha item type
    Dewey Decimal Classification     Main TEST RTC Library RTC Library Main opac 03/05/2021 15000 3 8 306.01 STO 30014307 15/09/2023 11/09/2023 03/05/2021 Main
Royal Thimphu College || All Right Reserved